U.S. State Capitals Closest to the Pacific Ocean - Statistics

General Stats
  • This quiz has been taken 47 times
  • The average score is 9 of 10
Answer Stats
Distance Capital % Correct
52 mi Sacramento
100%
0 mi Honolulu
91%
48 mi Salem
91%
171 mi Phoenix
89%
0 mi Juneau
87%
391 mi Boise
84%
153 mi Carson City
84%
0 mi Olympia
82%
489 mi Helena
80%
532 mi Santa Fe
78%
No matching quizzes found
Score Distribution
Percent of People with Each Score
Percentile by Number Answered
Your Score History
You have not taken this quiz